| 000 | 00486nam a2200133Ia 4500 | ||
|---|---|---|---|
| 008 | 170221s9999 xx 000 0 und d | ||
| 100 | _aAllam Mohammed Mousa Hamdan | ||
| 245 | 4 | _aThe Audit Committee Characteristics and Earnings Quality: Evidence from Jordan | |
| 245 | _cAllam Mohammed Mousa Hamdan, Sabri Maher Sabri Mushtaha, and Abd Almuttaleb Mohammed Al-Sartawi | ||
| 260 | _c2015 | ||
| 300 | _a10 : 2 | ||
| 650 | _xBusiness | ||
| 856 | _uhttp://ro.uow.edu.au/aabfj/vol7/iss4/5/ | ||
| 999 |
_c313567 _d313567 |
||